| 000 | 00591nam a22001817a 4500 | ||
|---|---|---|---|
| 999 |
_c181880 _d181880 |
||
| 005 | 20211007154905.0 | ||
| 010 | _aEN230921 | ||
| 020 |
_a9789388754088 _c399.00 |
||
| 037 | _bWestland Publications | ||
| 100 | _aAmish | ||
| 245 |
_aRaavan: enemy of Aryavarta / _cby Amish |
||
| 260 |
_aChennai _bWestland Publications _c2019 |
||
| 270 |
_bChennai _a1st Floor,A Block,East Wing,Plot No.40,SP Infocity,Dr MGR Salai,Perungudi,Kandanchavadi, _e600096 |
||
| 300 |
_axxiii,374p. _c20cm(pbk) |
||
| 490 | _aRam Chandra Series | ||
| 500 | _aBook 3 of the Ram Chandra Series | ||
| 942 |
_2ddc _cEN _mAMI |
||